000 00325nam a2200145Ia 4500
008 240830s1901 xx 000 0 und d
041 _aeng
082 _a0 ADA
100 _aADAMS J.C./HAMBLEN
245 _aOUTLINE OF FRACTURES
260 _bN.D.
_c1901
650 _aSURGERY
906 _aN.D.
999 _c1193944
_d1193944